Zuo tong bu shi : 32 juan /

Saved in:
Bibliographic Details
Main Author: Liang, Lüsheng, 1748-1793.
Format: Book
Language:Chinese
Published: Qiantang : Wang shi zhen qi tang, Guangxu 1 [1875]
Subjects:
Tags: Add Tag
No Tags, Be the first to tag this record!
LEADER 00932cam a2200253ui 4500
001 007722461-2
005 20024617112705.0
008 980227s1875 cc 000 0 chi d
035 0 |a ocm38526109 
040 |a *YNH*  |c *YNH*  |d CStRLIN 
100 1 |6 880-01  |a Liang, Lüsheng,  |d 1748-1793. 
245 1 0 |6 880-02  |a Zuo tong bu shi :  |b 32 juan /  |c Liang Lüsheng zhu. 
260 |6 880-03  |a Qiantang :  |b Wang shi zhen qi tang,  |c Guangxu 1 [1875] 
300 |a 10 v. (double leaves) ;  |c 28 cm. 
500 |a Block print. 
500 |6 880-04  |a Daoguang 9 [1829] kan, Guangxu 1 [1875] bu kan. 
600 1 0 |6 880-05  |a Zuoqiu, Ming.  |t Zuo zhuan. 
880 1 |6 100-01  |a 梁履繩,  |d 1748-1793. 
880 1 0 |6 245-02  |a 左通補釋 :  |b 32卷 /  |c 梁履繩著. 
880 |6 260-03  |a 錢塘 :  |b 汪氏振綺堂,  |c 光緖1 [1875] 
880 |6 500-04  |a 道光9 [1829]刊, 光緖1 [1875] 補刊. 
880 1 0 |6 600-05  |a 左丘明.  |t 左傳. 
988 |a 20021121 
906 |0 MH